000 00671nam a22002411 4500
001 12554
003 BD-RjUL
005 20211208235320.0
008 140129s1960 enka b 001 0 eng
035 _a(BD-RjUL)12603
040 _aDLC/ICU
_cICU
_dDLC
_dBD-RjUL
_beng
041 _aeng
082 0 0 _a620.176
_bBIB
100 1 _aBiggs, William Derrick.
_939101
245 1 4 _aThe brittle fracture of steel /
260 _aLondon :
_bMacDonald and Evans,
_c1960.
300 _a420 p. :
_billus. ;
_c23 cm.
504 _aIncludes bibliography and index.
650 0 _aSteel
_xBrittleness.
_939102
942 _2ddc
_cBK
999 _c12554
_d12554